000 00342nam a22001457a 4500
003 OSt
005 20160727222346.0
008 160621b xxu||||| |||| 00| 0 eng d
040 _cTest
100 _9259
_aDahl, R
245 _aThe Enormous Crocodile
260 _aN.Y
_b Bantam Books
_c1978
300 _aThe Enormous Crocodile
942 _2ddc
_cBK
999 _c207
_d207